Utilization of Dental Services and Associated Factors among Adults Age 18-45 Years in Lira District / (Record no. 6027)
[ view plain ]
| 000 -LEADER | |
|---|---|
| fixed length control field | 00666nam a22001937a 4500 |
| 005 - DATE AND TIME OF LATEST TRANSACTION | |
| control field | 20250204102022.0 |
| 008 - FIXED-LENGTH DATA ELEMENTS--GENERAL INFORMATION | |
| fixed length control field | 250204b |||||||| |||| 00| 0 eng d |
| 040 ## - CATALOGING SOURCE | |
| Transcribing agency | None |
| 082 ## - DEWEY DECIMAL CLASSIFICATION NUMBER | |
| Classification number | PG 125 |
| 100 ## - MAIN ENTRY--PERSONAL NAME | |
| Personal name | Stephen, Ojok |
| 9 (RLIN) | 13926 |
| 245 ## - TITLE STATEMENT | |
| Title | Utilization of Dental Services and Associated Factors among Adults Age 18-45 Years in Lira District / |
| Statement of responsibility, etc. | Ojok Stephen, Okello Nelson & Musingguzi Marvin |
| 260 ## - PUBLICATION, DISTRIBUTION, ETC. | |
| Place of publication, distribution, etc. | Lira University ; |
| Name of publisher, distributor, etc. | Lira University ; |
| Date of publication, distribution, etc. | c2024. |
| 300 ## - PHYSICAL DESCRIPTION | |
| Extent | xii, 40p.: |
| Other physical details | ill. |
| Dimensions | 31cm. |
| 521 ## - TARGET AUDIENCE NOTE | |
| Target audience note | Include References |
| 650 ## - SUBJECT ADDED ENTRY--TOPICAL TERM | |
| Topical term or geographic name entry element | Dental Services |
| 9 (RLIN) | 13927 |
| 700 ## - ADDED ENTRY--PERSONAL NAME | |
| Personal name | Nelson, Okello |
| 9 (RLIN) | 13914 |
| 700 ## - ADDED ENTRY--PERSONAL NAME | |
| Personal name | Marvin, Musinguzi |
| 9 (RLIN) | 13916 |
| 942 ## - ADDED ENTRY ELEMENTS (KOHA) | |
| Source of classification or shelving scheme | Dewey Decimal Classification |
| Koha item type | Post Graduate Dissertations |
| Withdrawn status | Lost status | Source of classification or shelving scheme | Damaged status | Not for loan | Home library | Current library | Shelving location | Date acquired | Total Checkouts | Full call number | Barcode | Date last seen | Price effective from | Koha item type |
|---|---|---|---|---|---|---|---|---|---|---|---|---|---|---|
| Dewey Decimal Classification | Faculty of Public Health Library | Faculty of Public Health Library | Reserve Books Section | 02/04/2025 | PG 125 | 2025-0027 | 02/04/2025 | 02/04/2025 | Post Graduate Dissertations | |||||
| Dewey Decimal Classification | Main Library | Main Library | Reserve Books Section | 02/04/2025 | PG 125 | 2025-0026 | 02/04/2025 | 02/04/2025 | Post Graduate Dissertations |